000 01030nam a2200289 a 4500
001 59009
003 BD-RjUL
005 20211209080702.0
008 161220s2006 ne a 101 0 eng d
020 _a0415383447
035 _a(BD-RjUL)59133
035 _a(NNC)5556247
040 _aHKP
_cHKP
_dBAKER
_beng
041 _aeng
082 _223
_a627.4
_bKNR 2006
100 _aKnight, Donald W.
_9175494
245 1 0 _aRiver basin modelling for flood risk mitigation /
_cDonald W. Knight, Asaad Y. Shamseldin.
260 _aLeiden, The Netherlands :
_bTaylor & Francis,
_cc2006.
300 _avi, 607 p. :
_bill. ;
_c26 cm.
500 _a"... contains edited lectures given by 16 leading European experts at an EU sponsored Advanced Study Course, held at the University of Birmingham, UK"--Pref.
504 _aIncludes bibliographical references and indexes.
650 0 _aWatershed management.
_9175495
650 0 _aFlood control.
_9175496
700 1 _aShamseldin, Asaad Y.
_9175497
942 _2ddc
_cBK
999 _c59009
_d59009